<?xml version="1.0" encoding="UTF-8"?>
<record
    xmlns:xsi="http://www.w3.org/2001/XMLSchema-instance"
    xsi:schemaLocation="http://www.loc.gov/MARC21/slim http://www.loc.gov/standards/marcxml/schema/MARC21slim.xsd"
    xmlns="http://www.loc.gov/MARC21/slim">

  <leader>01156nam a2200205Ia 4500</leader>
  <datafield tag="952" ind1=" " ind2=" ">
    <subfield code="0">0</subfield>
    <subfield code="1">0</subfield>
    <subfield code="4">0</subfield>
    <subfield code="7">0</subfield>
    <subfield code="a">11</subfield>
    <subfield code="b">11</subfield>
    <subfield code="d">2007-01-08</subfield>
    <subfield code="l">2</subfield>
    <subfield code="o">LB1051 V66 1998</subfield>
    <subfield code="p">11 004134</subfield>
    <subfield code="r">2026-03-23</subfield>
    <subfield code="s">2026-03-20</subfield>
    <subfield code="t">1</subfield>
    <subfield code="w">2012-06-26</subfield>
    <subfield code="y">LB</subfield>
  </datafield>
  <datafield tag="952" ind1=" " ind2=" ">
    <subfield code="0">0</subfield>
    <subfield code="1">0</subfield>
    <subfield code="4">0</subfield>
    <subfield code="7">0</subfield>
    <subfield code="a">11</subfield>
    <subfield code="b">11</subfield>
    <subfield code="d">2007-01-08</subfield>
    <subfield code="l">3</subfield>
    <subfield code="m">1</subfield>
    <subfield code="o">LB1051 V66 1998</subfield>
    <subfield code="p">11 004135</subfield>
    <subfield code="r">2026-05-09</subfield>
    <subfield code="s">2026-05-09</subfield>
    <subfield code="t">2</subfield>
    <subfield code="w">2012-06-26</subfield>
    <subfield code="y">LB</subfield>
  </datafield>
  <datafield tag="952" ind1=" " ind2=" ">
    <subfield code="0">0</subfield>
    <subfield code="1">0</subfield>
    <subfield code="4">0</subfield>
    <subfield code="7">0</subfield>
    <subfield code="a">11</subfield>
    <subfield code="b">11</subfield>
    <subfield code="d">2007-01-08</subfield>
    <subfield code="l">1</subfield>
    <subfield code="o">LB1051 V66 1998</subfield>
    <subfield code="p">11 004136</subfield>
    <subfield code="r">2026-02-14</subfield>
    <subfield code="s">2026-02-12</subfield>
    <subfield code="t">3</subfield>
    <subfield code="w">2012-06-26</subfield>
    <subfield code="y">LB</subfield>
  </datafield>
  <datafield tag="999" ind1=" " ind2=" ">
    <subfield code="c">70686</subfield>
    <subfield code="d">70686</subfield>
  </datafield>
  <controlfield tag="008">120626s9999    xx            000 0 und d</controlfield>
  <datafield tag="020" ind1=" " ind2=" ">
    <subfield code="a">8449305659</subfield>
  </datafield>
  <datafield tag="050" ind1=" " ind2=" ">
    <subfield code="a">LB1051 </subfield>
    <subfield code="b">V66 1998</subfield>
  </datafield>
  <datafield tag="100" ind1=" " ind2=" ">
    <subfield code="a">Van Manen, Max</subfield>
    <subfield code="e">autor</subfield>
  </datafield>
  <datafield tag="240" ind1=" " ind2=" ">
    <subfield code="a"> The tact of teaching : the meaning of pedagogical thoughtfulness </subfield>
    <subfield code="l">Espa&#xF1;ol</subfield>
  </datafield>
  <datafield tag="245" ind1=" " ind2=" ">
    <subfield code="a">El tacto en la ense&#xF1;anza </subfield>
    <subfield code="b">: El significado de la sensibilidad pedag&#xF3;gica </subfield>
    <subfield code="c">/Van, Manen Max; traducci&#xF3;n de Elisa Sanz Aisa</subfield>
  </datafield>
  <datafield tag="260" ind1=" " ind2=" ">
    <subfield code="a">Espa&#xF1;a</subfield>
    <subfield code="b">: Ediciones Paid&#xF3;s Am&#xE9;rica</subfield>
    <subfield code="c">, 1998</subfield>
  </datafield>
  <datafield tag="300" ind1=" " ind2=" ">
    <subfield code="a">231 p&#xE1;ginas</subfield>
  </datafield>
  <datafield tag="500" ind1=" " ind2=" ">
    <subfield code="a">T&#xED;tulo original:  The tact of teaching : the meaning of pedagogical thoughtfulness </subfield>
  </datafield>
  <datafield tag="500" ind1=" " ind2=" ">
    <subfield code="a">Incluye: Sumario, Agradecimientos, Prefacio, Bibliograf&#xED;a, Indice anal&#xED;tico y de nombre  </subfield>
  </datafield>
  <datafield tag="505" ind1=" " ind2=" ">
    <subfield code="a">Hacia una pedagog&#xED;a de la solicitud  
El concepto de pedagog&#xED;a  
El momento pedag&#xF3;gico  
La naturaleza de la pedagog&#xED;a 
La pr&#xE1;ctica de la pedagog&#xED;a  
La naturaleza del tacto  
El tacto pedag&#xF3;gico  
El tacto y la ense&#xF1;anza 
Conclusi&#xF3;n</subfield>
  </datafield>
  <datafield tag="519" ind1=" " ind2=" ">
    <subfield code="a">Material Complementario /  </subfield>
    <subfield code="b">Pedagog&#xED;a / </subfield>
    <subfield code="d">(11 004134)  </subfield>
  </datafield>
  <datafield tag="650" ind1=" " ind2="0">
    <subfield code="a">RELACIONES MAESTRO ESTUDIANTE</subfield>
    <subfield code="z">ESTADOS UNIDOS</subfield>
  </datafield>
  <datafield tag="942" ind1=" " ind2=" ">
    <subfield code="c">LB</subfield>
  </datafield>
</record>
